[Event "Cholet-C"]
[Site "Cholet"]
[Date "2011.03.06"]
[Round "2"]
[White "Rouault, Michel"]
[Black "Taquet, Alain"]
[Result "1/2-1/2"]
[WhiteElo "1625"]
[BlackElo "1630"]
[PlyCount "132"]
[EventDate "2011.03.05"]
[EventType "tourn"]
[EventRounds "9"]
[EventCountry "FRA"]
[SourceTitle "EXT 2012"]
[Source "ChessBase"]
[SourceDate "2011.11.24"]
[SourceVersion "1"]
[SourceVersionDate "2011.11.24"]
[SourceQuality "1"]

1. d4 d5 2. Nf3 Nf6 3. c4 e6 4. Nc3 c5 5. dxc5 Bxc5 6. cxd5 Nxd5 7. Qb3 Nxc3 8. Qxc3 Bf8 9. Bf4 Nc6 10. a3 f6 11. Rd1 Bd7 12. Qb3 Qa5+ 13. Bd2 Qb6 14. Qxb6 axb6 15. e4 Ra4 16. Bd3 Nd4 17. Nxd4 Rxd4 18. Bc3 Ra4 19. 0-0 Be7 20. e5 f5 21. Rfe1 Bc6 22. Be2 0-0 23. Rd3 Bb5 24. Rd4 Rxd4 25. Bxd4 Bxe2 26. Rxe2 Rd8 27. Bc3 Rd1+ 28. Re1 Rd5 29. f4 h6 30. Rc1 Bc5+ 31. Kf1 Be3 32. Rc2 Bxf4 33. Bb4 Bxe5 34. Rc8+ Kf7 35. h4 Kg6 36. Re8 Kf6 37. h5 Bd6 38. Bc3+ Kf7 39. Rd8 Rd1+ 40. Ke2 Rd5 41. Rd7+ Ke8 42. Rxg7 Be5 43. Bxe5 Rxe5+ 44. Kd3 Rd5+ 45. Kc3 f4 46. Rg6 Rxh5 47. Rxe6+ Kd7 48. Rxb6 Kc7 49. Rb4 Rf5 50. Re4 h5 51. Re7+ Kb6 52. Rh7 Kc6 53. b4 b5 54. Kd4 f3 55. Rh6+ Kb7 56. gxf3 Rxf3 57. Rxh5 Rxa3 58. Kc5 Rc3+ 59. Kxb5 Rc7 60. Rh6 Kc8 61. Rc6 Kb7 62. Rxc7+ Kxc7 63. Ka6 Kb8 64. Kb6 Ka8 65. Kc7 Ka7 66. b5 Ka8 1/2-1/2